MARC

LEADER 00000nam1a2200000 4500
001 162623
005 20231031160431.0
020 |a RU  |b 86-3925 
035 |a (RuTPU)RU\TPU\book\176385 
090 |a 162623 
100 |a 20090624d1985 m a0rusy5003 ca 
101 0 |a rus 
200 1 |a Электромагнитные генераторы механических колебаний  |f А.-Ч. В. Шукялис 
210 |a Ленинград  |c Машиностроение  |c Ленингр. отд-ние  |d 1985 
215 |a 176 с.  |c ил.  |d 21 см 
320 |a Библиогр.: с. 173-175. 
610 1 |a генераторы 
610 1 |a электровибрационные машины 
610 1 |a механические колебания 
610 1 |a генераторы 
610 1 |a развитие 
610 1 |a подсистемы 
610 1 |a физические явления 
610 1 |a практическое применение 
675 |a 621-868  |z rus 
700 1 |a Шукялис  |b А.-Ч. В.  |g Альгирдас-Чесловас Владиславович  |4 070 
801 0 |a RU  |b RuMRKP  |c 19950704  |g psbo 
801 1 |a RU  |b 63413507  |c 20090624  |g PSBO 
801 2 |a RU  |b 63413507  |c 20100629  |g PSBO 
942 |c BK